| 000 | 00492nam a2200169Ia 4500 | ||
|---|---|---|---|
| 008 | 130318s9999 xx 000 0 und d | ||
| 020 | _a9812530827 | ||
| 082 | _a658.4038011 TUR/I | ||
| 100 | _aTurban, Efraim | ||
| 245 | _aInformation technology for management: Transforming organizations in the digital economy | ||
| 250 | _a4 | ||
| 260 |
_bWiley _aNew Delhi _c2004 |
||
| 300 | _a731 | ||
| 650 | _aINFORMATION TECHNOLOGY MANAGEMENT | ||
| 700 | _aMclean, Ephraim | ||
| 700 | _aWetherbe, James | ||
| 999 |
_c903 _d903 |
||